000
00311pab a2200133 454500
008
180718b1988 xxu||||| |||| 00| 0 eng d
100
_a
Silverman, Hugh W.
245
_a
Police notes
260
_c
1988
300
_a
1-3
650
_a
Police
773
_a
Royal Canadian Mounted Police Gazette
909
_a
15112
999
_c
15112
_d
15112